00417nam a22001457a 4500020001800000082001500018100001900033245004500052250001200097260003400109300002400143500005100167650002800218700002500246 a9788126508389 a621.31 WOO aWood, Allen J. aPower generation, operation, and control a2nd ed. aNew Delhi, IndiabWileyc2005 axv, 569 p. bill. ; aIncludes bibliographical references and index. aElectric power systems. aWollenberg, Bruce F.